Trobades participatives segures en espais interiors
Descripción Física:
18 p. : 21 cm
Colección:
Quaderns de participació ciutadana
Materias:
Participació ciutadana
Idioma:
Catalán
MARC
| LEADER | 00000nam a22000007a 4500 | ||
|---|---|---|---|
| 001 | 25331 | ||
| 008 | 220427s2020 spa||||| ||||s00| 0 cat c | ||
| 017 | |a DL B 18488-2020 | ||
| 080 | |a FU-68-18 | ||
| 245 | |a Trobades participatives segures en espais interiors | ||
| 260 | |a Barcelona : |b Diputació de Barcelona. Àrea de Presidència, |c 2020 | ||
| 300 | |a 18 p. : |c 21 cm | ||
| 490 | 1 | |a Quaderns de participació ciutadana | |
| 650 | 0 | |a Participació ciutadana |9 7371 | |
| 710 | |a Barcelona (Catalunya : Província). |b Servei d'Agenda 2030 i Participació |9 52276 | ||
| 830 | 0 | |9 56231 |a Quaderns de participació ciutadana | |
| 942 | |2 udc |c ARXIU |n 1 | ||
| 952 | |0 0 |1 0 |4 0 |6 FU6818 |7 1 |9 61406 |a Arxiu |b Arxiu |d 2022-04-27 |l 0 |o FU-68-18 |p 25331 |r 2022-04-27 00:00:00 |w 2022-04-27 |y ARXIU | ||
| 999 | |c 81359 |d 81359 | ||